LEADER 01450nam0 22003613i 450 001 RMS1815403 005 20251003044346.0 010 $a9788823820876 100 $a20111215d2007 ||||0itac50 ba 101 | $aita 102 $ait 181 1$6z01$ai $bxxxe 182 1$6z01$an 183 1$6z01$anc$2RDAcarrier 200 1 $aMatematica generale$fSimon Blume$gedizione italiana a cura di Alberto Zaffaroni 205 $a2. ed 210 $aMilano$cEGEA$d2007 215 $aXVI, 533 p.$d24 cm 225 | $aˆI ‰manuali$v36 410 0$1001MIL0530573$12001 $aˆI ‰manuali$v36 500 11$aMathematics for economists.$3CFI0544484$9UFIV090845$9456466 606 $aMatematica$2FIR$3CFIC008823$9E 676 $a330.0151$9ECONOMIA. Principi matematici$v21 676 $a510$9MATEMATICA$v14 676 $a510$9MATEMATICA$v21 801 3$aIT$bIT-000000$c20111215 850 $aIT-BN0095 901 $bNAP 01$cPOZZO LIB.$nVi sono collocati fondi di economia, periodici di ingegneria e scienze, periodici di economia e statistica e altri fondi comprendenti documenti di economia pervenuti in dono. 912 $aRMS1815403 950 0$aBiblioteca Centralizzata di Ateneo$c1 v.$d 01POZZO LIB.ECON MON 1484$e 0101 0000196915E VMA 1 v. (Precedente collocazione: DASES B 105)$fB $h20070906$i20070906 977 $a 01 996 $aMathematics for Economists$9456466 997 $aUNISANNIO